Memorias y discursos universitarios sobre el Código Civil Chileno. Libro IV del Código
Furkejuvvon:
| Váldodahkki: | |
|---|---|
| Materiálatiipa: | Girji |
| Giella: | espánnjágiella |
| Almmustuhtton: |
Santiago, Chile
Imprenta de Los Debates
1889
|
| Fáttát: | |
| Liŋkkat: | Acceso texto completo |
| Fáddágilkorat: |
Lasit fáddágilkoriid
Eai fáddágilkorat, Lasit vuosttaš fáddágilkora!
|
MARC
| LEADER | 00000nam a2200000 a 4500 | ||
|---|---|---|---|
| 001 | UCR0634 | ||
| 003 | CL-VaPUC | ||
| 005 | 20230818105649.0 | ||
| 008 | 971205e18890000CL |||||||||||||||||spa|d | ||
| 999 | |c 264133 |d 264131 | ||
| 040 | |c Pontificia Universidad Católica de Valparaíso | ||
| 082 | 0 | 4 | |a 346.83 LAT 1889 |2 21 |
| 100 | |a Latorre, Enrique Camilo |e author |9 398227 | ||
| 245 | 1 | 0 | |a Memorias y discursos universitarios sobre el Código Civil Chileno. |b Libro IV del Código |
| 260 | |a Santiago, Chile |b Imprenta de Los Debates |c 1889 | ||
| 300 | |a 524 páginas | ||
| 583 | |a last modification |c 19971205 00:00:00 |k Rodrigo Vera | ||
| 650 | 0 | |a Derecho civil |9 255013 | |
| 650 | 0 | |a Código civil |9 256135 | |
| 650 | 0 | |a Jurisprudencia |9 255952 | |
| 650 | 0 | |a Obligaciones |9 255578 | |
| 650 | 7 | |a DERECHO CHILENO |2 CL-VaPUC |9 396579 | |
| 650 | 0 | |a Voluntad |9 307812 | |
| 650 | 0 | |a Hipoteca |9 255780 | |
| 650 | 0 | |a Propiedad |9 255268 | |
| 650 | 0 | |a Justicia |9 255408 | |
| 651 | 7 | |a CHILE |2 CL-VaPUC |9 396580 | |
| 852 | |a FDOBRV | ||
| 856 | |u http://opac.pucv.cl/pucv_txt/Txt-0500/UCR0634_01.pdf |z Acceso texto completo | ||
| 942 | |c BK |2 ddc | ||
| 945 | |d 19971205 00:00:00 |a cmena | ||
| 952 | |0 0 |1 0 |2 ddc |4 0 |5 1 |6 346_830000000000000_LAT_1889 |7 1 |8 C_LRYV |9 293909 |a FDOBRV |b BIBDER |d 2019-11-19 |i 1921118 |o 346.83 LAT 1889 |p 1921118 |r 2023-01-25 |w 2019-11-19 |y BK_X |k BRV | ||
| 952 | |0 0 |1 0 |2 ddc |4 0 |5 1 |6 346_830000000000000_LAT_1889 |7 1 |8 C_LRYV |9 293910 |a FDOBRV |b BIBDER |d 2019-11-19 |i 1921169 |o 346.83 LAT 1889 |p 1921169 |r 2023-01-25 |w 2019-11-19 |y BK_X |k BRV | ||